Concurs de receptes del mercat a la taula : dossier de presentació (juliol 2007) dossier de presentació (juliol 2007)
Descripción Física:
1 desplegable : il. col. ; 30 cm
MARC
| LEADER | 00000nam a2200000Ia 4500 | ||
|---|---|---|---|
| 001 | 20869 | ||
| 008 | 160829s2007 xx 000 0 cat d | ||
| 080 | |a FU-22-8 | ||
| 245 | |a Concurs de receptes del mercat a la taula : |b dossier de presentació (juliol 2007) | ||
| 260 | |a Barcelona : |b Diputació de Barcelona. Area de Comerç. Xarxa de Mercats Municipals, |c 2007 | ||
| 300 | |a 1 desplegable : |b il. col. ; |c 30 cm | ||
| 650 | |9 2809 | ||
| 650 | |a Publicitat |x Mercats |x Barcelona (Província) |9 41210 | ||
| 710 | 1 | |a Barcelona (Catalunya : Província). |b Xarxa de Mercats Municipals |9 55055 | |
| 901 | |a Arxiu | ||
| 942 | |n 1 | ||
| 952 | |0 0 |1 0 |4 0 |6 FU228 |7 1 |9 50089 |a Arxiu |b Arxiu |d 2016-12-01 |l 0 |o FU-22-8 |p 20869 |r 2016-12-01 00:00:00 |w 2016-12-01 |y ARXIU | ||
| 999 | |c 53931 |d 53931 | ||